Library Banner

Maulan Abualkalam Azad aur qaumparast musalmanon ki siyasat (Urdu)(مولانا ابوالکلام آزاد، اور قوم پرست مسلمانون کی سیاست) (Record no. 66797)

MARC details
000 -LEADER
fixed length control field 00728nam a2200193Ia 4500
001 - CONTROL NUMBER
control field 64753
003 - CONTROL NUMBER IDENTIFIER
control field OSt
005 - DATE AND TIME OF LATEST TRANSACTION
control field 20150622113114.0
008 - FIXED-LENGTH DATA ELEMENTS--GENERAL INFORMATION
fixed length control field 150303s9999 xx 000 0 und d
020 ## - INTERNATIONAL STANDARD BOOK NUMBER
International Standard Book Number NA
040 ## - CATALOGING SOURCE
Transcribing agency PK-LaUMT
082 ## - DEWEY DECIMAL CLASSIFICATION NUMBER
Classification number 954.03
Item number FAR-M
100 ## - MAIN ENTRY--PERSONAL NAME
Personal name Farooq Qureshi, Muhammad(فاروق قریشی، محمد)
245 ## - TITLE STATEMENT
Title Maulan Abualkalam Azad aur qaumparast musalmanon ki siyasat (Urdu)(مولانا ابوالکلام آزاد، اور قوم پرست مسلمانون کی سیاست)
Statement of responsibility, etc Farooq Qureshi, Muhammad(فاروق قریشی، محمد)
260 ## - PUBLICATION, DISTRIBUTION, ETC. (IMPRINT)
Place of publication, distribution, etc Lahore,Pakistan:(لاہور، پاکستان )
Name of publisher, distributor, etc Takhleqaat,(تخلیقات)
Date of publication, distribution, etc 1997
300 ## - PHYSICAL DESCRIPTION
Extent 656 p.
546 ## - LANGUAGE NOTE
Language note UR
942 ## - ADDED ENTRY ELEMENTS (KOHA)
Koha item type Books
Source of classification or shelving scheme Dewey Decimal Classification
Holdings
Withdrawn status Lost status Damaged status Not for loan Home library Current library Date acquired Total Checkouts Full call number Barcode Date last seen Price effective from Koha item type
        UMT Main Campus UMT Main Campus 2015-03-03   954.03 FAR-M 88431 2015-06-22 2015-03-03 Books